Central Library OPAC University of Rajshahi

Masers and lasers : (Record no. 68222)

MARC details
000 -LEADER
fixed length control field 00764nam a2200241 a 4500
001 - CONTROL NUMBER
control field 68222
003 - CONTROL NUMBER IDENTIFIER
rucl marc code BD-RJUL
005 - DATE AND TIME OF LATEST TRANSACTION
control field 20211209081738.0
008 - FIXED-LENGTH DATA ELEMENTS--GENERAL INFORMATION
fixed length control field 170401s1969 enka b 001 0 eng d
035 ## - SYSTEM CONTROL NUMBER
System control number (BD-RJUL) 68432
040 ## - CATALOGING SOURCE
Original cataloging agency DLC/ICU
Transcribing agency CGU
Modifying agency BD-RJUL
Language of cataloging eng
041 ## - LANGUAGE CODE
Language code of text/sound track or separate title eng
082 0# - DEWEY DECIMAL CLASSIFICATION NUMBER
Classification number 621.381336
Edition number 23
Author mark and year THM 1969
100 1# - MAIN ENTRY--PERSONAL NAME
Personal name Thorp, J. S.
Fuller form of name (John Samuel)
9 (RLIN) 202243
245 10 - TITLE STATEMENT
Title Masers and lasers :
Remainder of title physics and design /
Statement of responsibility, etc. [by] J.S. Thorp.
260 ## - PUBLICATION, DISTRIBUTION, ETC. (IMPRINT)
Place of publication, distribution, etc. London ;
-- Melbourne [etc.] :
Name of publisher, distributor, etc. Macmillan ;
Place of publication, distribution, etc. New York :
Name of publisher, distributor, etc. St. Martin's P.,
Date of publication, distribution, etc. c1967 [Reprinted 1969]
300 ## - PHYSICAL DESCRIPTION
Pagination vii, 321 p.:
Illustrations ill. :
Size 23 cm.
504 ## - BIBLIOGRAPHY, ETC. NOTE
Bibliography, etc Bibliography: p. 305-306 & Index.
650 #0 - SUBJECT ADDED ENTRY--TOPICAL TERM
Topical term or geographic name as entry element Masers.
9 (RLIN) 157245
Topical term or geographic name as entry element Lasers.
9 (RLIN) 157244
942 ## - ADDED ENTRY ELEMENTS (KOHA)
Source of classification or shelving scheme Dewey Decimal Classification
Koha item type Books
Holdings
Lost status Source of classification or shelving scheme Damaged status Not for loan Collection code Permanent Location Current Location Shelving location Date acquired Source of acquisition Cost, normal purchase price Total Checkouts Full call number Date last seen Copy number Koha item type
  Dewey Decimal Classification   Not For Loan Non-fiction Central Library, University of Rajshahi Central Library, University of Rajshahi   30/08/1971 Zeitlinger 42.00   621.381336 THM 1969 01/04/2017 C-1 Books
  Dewey Decimal Classification     Non-fiction Central Library, University of Rajshahi Central Library, University of Rajshahi   30/08/1971 Zeitlinger 42.00   621.381336 THM 1969 15/10/2018 C-2 Books
  Dewey Decimal Classification     Non-fiction Central Library, University of Rajshahi Central Library, University of Rajshahi   25/04/1992 RUCL     621.381336 THM 1969 15/10/2018 C-3 Books